MARC details
| 000 -LEADER |
| campo de control de longitud fija |
01558nam a2200361 i 4500 |
| 001 - NÚMERO DE CONTROL |
| campo de control |
190451 |
| 003 - IDENTIFICADOR DE NÚMERO DE CONTROL |
| campo de control |
ES-MaACL |
| 005 - FECHA Y HORA DE LA ÚLTIMA TRANSACCIÓN |
| campo de control |
20251218063016.0 |
| 007 - CAMPO FIJO DE DESCRIPCIÓN FÍSICA--INFORMACIÓN GENERAL |
| campo de control de longitud fija |
ta |
| 008 - DATOS DE LONGITUD FIJA--INFORMACIÓN GENERAL |
| campo de control de longitud fija |
210330s2018 ec a |||| 011 0dspa d |
| 020 ## - NÚMERO INTERNACIONAL ESTÁNDAR DEL LIBRO |
| Número Internacional Estándar del Libro |
978-9942-30-984-6 |
| 040 ## - FUENTE DE CATALOGACIÓN |
| Centro catalogador/agencia de origen |
ES-MaACL |
| Lengua de catalogación |
spa |
| Centro/agencia transcriptor |
ES-MaACL |
| Normas de descripción |
rda |
| 044 ## - CÓDIGO DEL PAÍS DE LA ENTIDAD EDITORA/PRODUCTORA |
| Código MARC del país |
ec |
| 080 ## - NÚMERO DE LA CLASIFICACIÓN DECIMAL UNIVERSAL |
| Número de la Clasificación Decimal Universal |
001.32(866.13 Quito) |
| 100 1# - ENTRADA PRINCIPAL--NOMBRE DE PERSONA |
| Nombre de persona |
Rivadeneira Játiva, Luis, |
| Fechas asociadas al nombre |
1949- |
| 9 (RLIN) |
171153 |
| Término indicativo de función/relación |
Autor |
| 245 10 - MENCIÓN DEL TÍTULO |
| Título |
Historia y memorias del Ateneo Ecuatoriano / |
| Mención de responsabilidad, etc. |
Luis Rivadeneira Játiva. |
| 250 ## - MENCION DE EDICION |
| Mención de edición |
Primera edición: mayo del 2018 |
| 264 #1 - PRODUCCIÓN, PUBLICACIÓN, DISTRIBUCIÓN, FABRICACIÓN Y COPYRIGHT |
| Producción, publicación, distribución, fabricación y copyright |
Quito : |
| Nombre del de productor, editor, distribuidor, fabricante |
[Centro Cultural El Palacio del Poeta], |
| Fecha de producción, publicación, distribución, fabricación o copyright |
2018 |
| 300 ## - DESCRIPCIÓN FÍSICA |
| Extensión |
157 páginas : |
| Otras características físicas |
ilustraciones ; |
| Dimensiones |
21 cm |
| 336 ## - TIPO DE CONTENIDO |
| Fuente |
rdacontent |
| Término de tipo de contenido |
Texto |
| 337 ## - TIPO DE MEDIO |
| Fuente |
rdamedia |
| Nombre/término del tipo de medio |
sin mediación |
| 338 ## - TIPO DE SOPORTE |
| Fuente |
rdacarrier |
| Nombre/término del tipo de soporte |
volumen |
| 490 0# - MENCIÓN DE SERIE |
| Mención de serie |
Historia |
| 500 ## - NOTA GENERAL |
| Nota general |
Ejemplar firmado y dedicado por el autor |
| 504 ## - NOTA DE BIBLIOGRAFÍA, ETC. |
| Nota de bibliografía, etc. |
Bibliografía: páginas 153-154. Índice |
| 594 ## - NOTA AL TITULO Y MENCION DE RESPONSABILIDAD |
| Nota al título y mención de responsabilidad |
Bodas de Roble. Homenaje al Ateneo Ecuatoriano al cumplir 80 años de fundación, 1938-2018, en el centenario del natalicio del poeta César Dávila Andrade. |
| 610 24 - PUNTO DE ACCESO ADICIONAL DE MATERIA--NOMBRE DE ENTIDAD CORPORATIVA |
| Nombre de entidad corporativa o nombre de jurisdicción como elemento de entrada |
Ateneo Ecuatoriano. |
| 9 (RLIN) |
2037 |
| 852 4# - LOCALIZACIÓN |
| Ubicación |
ES-MaACL |
| Número de control de estantería |
A-14652 |
| itemnumber |
197628 |
| Sublocalización o colección |
R.152389 |
| Ubicación en estantería |
Depósito 1 |
| Signatura antigua |
Olim: N-7652 |
| Anotaciones manuscritas |
Dedicatoria autógrafa del autor |
| Donativo/Legado |
Donación: Luis Rivadeneira Játiva |
| Encuadernación |
Encuadernación rústica |
| 852 4# - LOCALIZACIÓN |
| Ubicación |
ES-MaACL |
| Número de control de estantería |
A-15877 |
| Ubicación en estantería |
Depósito 1 |
| Anotaciones manuscritas |
Dedicatoria Autógrafa del autor |
| Donativo/Legado |
Donación: Luis Rivadeneira Játiva |
| Encuadernación |
Encuadernación Rustica |
| itemnumber |
206892 |
| 942 ## - ELEMENTOS DE ENTRADA SECUNDARIOS (KOHA) |
| Tipo de ítem Koha |
Libro impreso |
| Suprimir en OPAC |
No |